Encounters of consequence (Record no. 216965)
[ view plain ]
| 000 -LEADER | |
|---|---|
| fixed length control field | 02436nam a2200361 a 4500 |
| 082 04 - DEWEY DECIMAL CLASSIFICATION NUMBER | |
| Classification number | 181/.06 |
| 100 1# - MAIN ENTRY--AUTHOR NAME | |
| Personal name | Oppenheim, Michael D., |
| 245 10 - TITLE STATEMENT | |
| Title | Encounters of consequence |
| 260 ## - PUBLICATION, DISTRIBUTION, ETC. (IMPRINT) | |
| Place of publication | Boston : |
| Name of publisher | Academic Studies Press, |
| Year of publication | 2009. |
| 300 ## - PHYSICAL DESCRIPTION | |
| Number of Pages | xviii, 408 p. |
| 490 1# - SERIES STATEMENT | |
| Series statement | Judaism and Jewish life |
| 505 0# - FORMATTED CONTENTS NOTE | |
| Formatted contents note | Some underlying issues of modern Jewish philosophy -- Does Judaism have universal significance? -- Death and the fear of death in Franz Rosenzweig's The star of redemption -- The Halevi book -- Into life : Rosenzweig's essays on God, man and the world -- The meaning of Hasidism : Martin Buber and Gershom Scholem -- Autobiography and the becoming of the self : Martin Buber and Joseph Campbell -- Franz Rosenzweig and Emmanuel Levinas : a midrash or thought-experiment -- Welcoming the other : the philosophical foundation for pluralism in the works of Charles Davis and Emmanuel Levinas -- Joseph B. Soloveitchik and Soren Kierkegaard : reflections on The lonely man of faith -- Eliezer Schweid : the first Israeli philosopher -- Can we still stay with him? : two Jewish theologians confront the Holocaust (Emil Fackenheim and Arthur Cohen) -- Theology and community : the work of Emil Fackenheim -- Irving Greenberg : a Jewish dialectic of hope -- Feminist Jewish philosophy : a response. |
| 650 #0 - SUBJECT ADDED ENTRY--TOPICAL TERM | |
| Topical Term | Jewish philosophy |
| Topical Term | Jewish philosophers |
| Topical Term | Philosophy, Modern |
| 856 40 - ELECTRONIC LOCATION AND ACCESS | |
| Uniform Resource Identifier | http://site.ebrary.com/lib/rucke/Doc?id=10508997 |
No items available.
